Partes del Reino Unido - Estadísticas

Estadísticas generales
  • Esta prueba ha sido intentada 3.975 veces
  • La puntuación promedio es 10 de 21
Estadísticas de respuestas
Pista Respuesta % Correcto
País constituyente Escocia
91%
País constituyente Gales
91%
País constituyente Inglaterra
91%
País constituyente Irlanda del Norte
89%
Territorio de ultramar Gibraltar
73%
Territorio de ultramar Islas {Virgenes} Británicas
69%
Territorio de ultramar Islas {Malvinas}
62%
Dependencia de la corona Isla de Man
57%
Territorio de ultramar Islas {Caimán}
44%
Dependencia de la corona Jersey
42%
Territorio de ultramar Bermudas
35%
Dependencia de la corona Guernsey
34%
Territorio de ultramar Montserrat
26%
Territorio de ultramar Santa Helena, Ascensión, and Tristán de Acuña
26%
Territorio de ultramar Anguila
25%
Territorio de ultramar Islas {Pitcairn}
24%
Territorio de ultramar Islas Georgias del Sur y Sandwich del Sur
23%
Territorio de ultramar Islas Turcas y Caicos
21%
Territorio de ultramar Territorio Británico en el Océano Índico
19%
Territorio de ultramar Acrotiri y Dhekelia
15%
Territorio de ultramar Territorio Antártico Británico
12%
No se encontraron pruebas coincidentes
Distribución de puntuación
Porcentaje de gente con cada puntuación
Porcentaje por número respondido
Historial de tus puntuaciones
No has intentado esta prueba.